| 000 | 01493nam2a22002891 4500 | ||
|---|---|---|---|
| 001 | rc\3803348 | ||
| 005 | 20250530055226.0 | ||
| 021 |
_aRU _b[78-10010] |
||
| 035 | _a(NLR Aleph) 007256858 | ||
| 090 |
_a5264906 _c5264906 |
||
| 100 | _a20120311d1977 |||y0rusy50 ca | ||
| 101 | 0 | _arus | |
| 102 | _aRU | ||
| 105 | _ay z ||||| | ||
| 200 | 0 |
_aВып. 5 _fЮ.К. Герасимов |
|
| 210 |
_cЛГИТМИК _d1977 _aБ. м. |
||
| 215 |
_a74 с. _d20 |
||
| 300 | _aВ надзаг.: Ленингр. гос. ин-т театра, музыки и кинематографии | ||
| 320 | _aСписок лит.: с. 72-73 | ||
| 461 | 0 |
_1001rc\2638212 _12001#$vВып. 5 _95202839 _aАкадемия наук СССР. Сессия (1932. Ноябрь) _c[Ленинград] _d1932 _nБ. и. _p8 с. _tРасписание занятий Торжественной юбилейной сессии Академии наук СССР, 12-19 нояб. 1932 г. _vВып. 5 |
|
| 700 | 1 |
_4340 _7ca _8rus _aГерасимов _bЮ. К. _cд-р филол. наук, д-р искусствоведения _f1923-2003 _gЮрий Константинович _9172810 _3RU\NLR\AUTH\770172861 |
|
| 701 | 1 |
_4340 _7ca _8rus _aГерасимов _bЮ. К. _cд-р филол. наук, д-р искусствоведения _f1923-2003 _gЮрий Константинович _9172810 _3RU\NLR\AUTH\770172861 |
|
| 801 | 0 |
_aRU _bNLR _gpsbo |
|
| 801 | 1 |
_aRU _bELAR _2rusmarc |
|
| 852 |
_aNLR _j76-5/2968 |
||
| 942 | _cBOOK | ||
| 980 | _aNB | ||